000 00659nam a2200193Ia 4500
003 GCL
008 140319s9999 xx 000 0 ara d
040 _aGCL /
_cGCL
082 0 4 _aق
_b398.22
_bل ن
100 1 _aلالويت، كلير
245 1 0 _aنصوص مقدسة ونصوص دنيوية من مصر القديمة /
_cلالويت، كلير
700 1 _aطاهر جويجاتى
300 _a2 مجلد
490 _aسلسلة اليونسكو لنماذج فى الفكر العالمى
_v0
650 0 4 _aمصر القديمة
650 0 4 _aالحضارة الفرعونية
650 0 4 _aالاثار الفرعونية
942 _2ddc
_cBK
999 _c45089
_d45089